01014 a2200181 45000010006000000050017000060080041000230030015000640400040000790800129001192450044002480200022002922640039003143000024003535050419003770410008007961000028008046196320260407155912.0260407a1994 arg spa dAR-UNSa-BCEJYS aAR-UNSa-BCEJYSbspacAR-UNSa-BCEJYS a343.8xCondena. Ejecución de la sentencia. Cumplimiento de la pena. Prevención del delito (Instituciones penitenciarias)10aLa sentencia civilpTemas y variaciones a978-950-536-062-8 1aLa Plata :bEditora Platensec1994 axxi, 141 p.c23 cm. a1. La sentencia y el proceso - 2. Algunas dificultades y limitaciones – 3. Estructura de la sentencia – 4. La naturaleza de la fundamentación – 5. Las funciones de la fundamentación – 6. Caracteres formales de la fundamentación – 7. Contenido de la fundamentación - 8. Los modelos valorativos – legal standards of conduct – y su aplicación en la sentencia – 9. El estilo de la sentencia. aspa1 aFrondizi, Román Julio